Data analytics using R (Record no. 1323)
[ view plain ]
| 000 -LEADER | |
|---|---|
| fixed length control field | 00461nam a2200169Ia 4500 |
| 008 - FIXED-LENGTH DATA ELEMENTS--GENERAL INFORMATION | |
| fixed length control field | 230917s9999||||xx |||||||||||||| ||und|| |
| 020 ## - ISBN | |
| Price | RS 630.00 |
| 040 ## - CATALOGING SOURCE | |
| -- | 5003259 |
| Original cataloging agency | VIVEKANANDA LIBRARY |
| 041 ## - Language | |
| -- | English |
| 082 ## - DDC NUMBER | |
| Classification number | 005.133 A44D |
| 100 ## - MAIN ENTRY--PERSONAL NAME | |
| Personal name | Acharya, Seema |
| 245 #0 - TITLE STATEMENT | |
| Title | Data analytics using R |
| 260 ## - PUBLICATION, DISTRIBUTION, ETC. (IMPRINT) | |
| Place of publication, distribution, etc | Chennai |
| Name of publisher, distributor, etc | McGraw Hill Education (India) |
| Date of publication, distribution, etc | 2019 |
| 300 ## - PHYSICAL DESCRIPTION | |
| Pages | xxiii, 555 p. |
| 500 ## - GENERAL NOTE | |
| General note | 3956 03/01/2020 HBD20/8173 24/01/2020 Main Budget |
| 942 ## - ADDED ENTRY ELEMENTS (KOHA) | |
| Koha item type | Books |
| Withdrawn status | Lost status | Damaged status | Not for loan | Location (home branch) | Sublocation or collection (holding branch) | Date acquired | Koha issues (times borrowed) | Koha full call number | Accession No. | Koha date last seen | Koha item type |
|---|---|---|---|---|---|---|---|---|---|---|---|
| VIVEKANANDA LIBRARY | VIVEKANANDA LIBRARY | 13/02/2020 | 1 | 005.133 A44D | 396293 | 19/04/2024 | Books | ||||
| VIVEKANANDA LIBRARY | VIVEKANANDA LIBRARY | 13/02/2020 | 1 | 005.133 A44D | 396294 | 07/02/2024 | Books | ||||
| VIVEKANANDA LIBRARY | VIVEKANANDA LIBRARY | 13/02/2020 | 005.133 A44D | 396295 | 17/09/2023 | Books | |||||
| VIVEKANANDA LIBRARY | VIVEKANANDA LIBRARY | 13/02/2020 | 1 | 005.133 A44D | 396296 | 20/02/2024 | Books | ||||
| VIVEKANANDA LIBRARY | VIVEKANANDA LIBRARY | 13/02/2020 | 1 | 005.133 A44D | 396297 | 20/02/2024 | Books |
